[Event "110th ch-GBR 2024"]
[Site "Hull ENG"]
[Date "2024.07.30"]
[Round "4.40"]
[White "Mannion, Stephen R"]
[Black "Rida, Ruqayyah"]
[Result "1/2-1/2"]
[WhiteTitle "IM"]
[BlackTitle "WCM"]
[WhiteElo "2139"]
[BlackElo "2064"]
[WhiteFideId "2400111"]
[BlackFideId "343272375"]
[EventDate "2024.07.27"]

1. e4 e5 2. Nf3 Nc6 3. Bb5 a6 4. Ba4 Nf6 5. O-O b5 6. Bb3 Bc5 7. a4 Rb8 8. Nxe5
Nxe5 9. d4 Bxd4 10. Qxd4 d6 11. f4 c5 12. Qd2 Ng6 13. e5 dxe5 14. Qxd8+ Kxd8 15.
fxe5 Nxe5 16. Bg5 c4 17. Rxf6 Ke8 18. Rf2 cxb3 19. cxb3 Nd3 20. Rd2 Bf5 21. axb5
axb5 22. Nc3 f6 23. Bh4 Rf8 24. Bg3 Rb6 25. Rad1 Ne5 26. Bxe5 fxe5 27. Rd5 Bc2
28. Rxe5+ Kf7 29. Rf1+ Kg8 30. Rxf8+ Kxf8 31. Rxb5 Rxb5 32. Nxb5 Bxb3 33. Kf2
Ke7 34. Ke3 Bd5 35. g3 Kf6 36. Nc3 Bb3 37. Kf4 g5+ 38. Ke4 Kg6 39. Nd5 Kh5 40.
Nf6+ Kg6 41. Ke5 h6 42. Ne4 h5 43. Nd2 Ba4 44. b3 Bb5 45. h4 gxh4 46. gxh4 Kf7
47. b4 Ke7 48. Ne4 Be2 49. Nf6 Kd8 50. Kd6 Kc8 51. Kc6 Bf3+ 52. Kc5 Kc7 53. b5
Kb7 54. Ne8 Kc8 55. Kb6 Kd7 56. Ng7 Kd6 57. Ka7 Ke5 58. b6 Kf4 59. Nxh5+ Kg4 60.
Ng7 Kxh4 61. Kb8 Kg5 62. Kc7 Kf6 63. Ne8+ Ke5 64. Kd7 Kd4 65. Kd6 Kc4 66. Nc7
Bb7 67. Ne6 Kb5 68. Kc7 Bg2 69. Nf4 Bf3 70. Ne2 Bg2 71. Nd4+ Kc5 72. Nf5 Kb5 73.
Ne7 Bf3 74. Nc8 Kc5 75. Kb8 Bg4 1/2-1/2

[Event "110th ch-GBR 2024"]
[Site "Hull ENG"]
[Date "2024.07.30"]
[Round "4.42"]
[White "Sooraj, M R"]
[Black "Atako, Chino C"]
[Result "1-0"]
[WhiteElo "1999"]
[BlackElo "1999"]
[WhiteFideId "35014730"]
[BlackFideId "468649"]
[EventDate "2024.07.27"]

1. e4 e5 2. Nf3 Nc6 3. Bc4 Bc5 4. b4 Bxb4 5. c3 Ba5 6. d4 b5 7. Bxb5 Nxd4 8.
Nxd4 exd4 9. Bc4 Qf6 10. O-O Bb6 11. e5 Qc6 12. Be2 Rb8 13. cxd4 Ne7 14. a4 Bb7
15. Bf3 Qc4 16. Na3 Qxd4 17. Qxd4 Bxd4 18. Rb1 c6 19. Rd1 Bxe5 20. Nc4 Bc7 21.
Nd6+ Bxd6 22. Rxd6 Nd5 23. Bxd5 cxd5 24. Rxd5 Rc8 25. Re5+ Kd8 26. Bd2 Kc7 27.
Ba5+ Kd6 28. f4 Ba6 29. Rd1+ Kc6 30. Red5 Kb7 31. Rxd7+ Ka8 32. Be1 Rc4 33. Bf2
Rxa4 34. Rxa7+ Kb8 35. Rb1+ 1-0

[Event "110th ch-GBR 2024"]
[Site "Hull ENG"]
[Date "2024.07.31"]
[Round "5.1"]
[White "Royal, Shreyas"]
[Black "Jones, Gawain C B"]
[Result "1/2-1/2"]
[WhiteTitle "IM"]
[BlackTitle "GM"]
[WhiteElo "2487"]
[BlackElo "2640"]
[WhiteFideId "448869"]
[BlackFideId "409561"]
[EventDate "2024.07.27"]

1. d4 Nf6 2. c4 g6 3. Nc3 Bg7 4. Nf3 O-O 5. Bg5 c5 6. d5 h6 7. Bh4 d6 8. Nd2 g5
9. Bg3 Nh5 10. e3 Nxg3 11. hxg3 e6 12. Bd3 f5 13. g4 fxg4 14. Qc2 Nd7 15. dxe6
Ne5 16. Bf5 Qe8 17. O-O-O Bxe6 18. Bh7+ Kh8 19. Nde4 Nxc4 20. Nxg5 d5 21. Bg6
Rxf2 22. Qxf2 Qxg6 23. Nxe6 Qxe6 24. Rxd5 Rf8 25. Qe2 Bxc3 26. Qxc4 Qxe3+ 27.
Kb1 Bd4 28. Rd7 b6 1/2-1/2

[Event "110th ch-GBR 2024"]
[Site "Hull ENG"]
[Date "2024.07.31"]
[Round "5.2"]
[White "Ghasi, Ameet K"]
[Black "Conquest, Stuart C"]
[Result "1-0"]
[WhiteTitle "IM"]
[BlackTitle "GM"]
[WhiteElo "2495"]
[BlackElo "2510"]
[WhiteFideId "409200"]
[BlackFideId "400181"]
[EventDate "2024.07.27"]

1. c4 e5 2. g3 Nf6 3. Bg2 h6 4. Nf3 e4 5. Nd4 Nc6 6. Nc2 Bc5 7. Nc3 Qe7 8. Ne3
Bxe3 9. fxe3 b6 10. O-O Bb7 11. Rf4 Nd8 12. Qf1 Ne6 13. Rf5 Ng5 14. b3 d6 15.
Bb2 O-O 16. Rxf6 Qxf6 17. Qxf6 gxf6 18. Rf1 Rae8 19. Nb5 a6 20. Nxc7 Rc8 21. Nd5
Bxd5 22. cxd5 Rc2 23. Bc3 Nh7 24. Bxe4 Rxa2 25. Rf4 Ng5 26. Bf5 Ra3 27. Bxf6
Rxb3 28. h4 1-0

[Event "110th ch-GBR 2024"]
[Site "Hull ENG"]
[Date "2024.07.31"]
[Round "5.3"]
[White "Wadsworth, Matthew J"]
[Black "Bazakutsa, Svyatoslav"]
[Result "1-0"]
[WhiteTitle "IM"]
[BlackTitle "IM"]
[WhiteElo "2456"]
[BlackElo "2490"]
[WhiteFideId "415804"]
[BlackFideId "14198525"]
[EventDate "2024.07.27"]

1. d4 Nf6 2. c4 g6 3. Nc3 Bg7 4. e4 d6 5. Nf3 O-O 6. Be2 e5 7. Be3 exd4 8. Nxd4
Re8 9. f3 c6 10. Bf2 d5 11. exd5 cxd5 12. O-O Nc6 13. c5 Bd7 14. Ndb5 Re7 15.
Re1 Be6 16. Nd4 Nd7 17. Nxe6 fxe6 18. Rb1 Qa5 19. a3 a6 20. b4 Qc7 21. Qd2 Qe5
22. Bxa6 Qxc3 23. Qxc3 Bxc3 24. Bxb7 Rxa3 25. Bxc6 Bxe1 26. Rxe1 Kf7 27. Bh4 Nf6
28. b5 Rc7 29. Bg3 Rc8 30. Bd6 Rc3 31. Ra1 g5 32. Ra7+ Kg6 33. Re7 g4 34. Rxe6
gxf3 35. gxf3 Kf5 36. Re5+ Kf4 37. Rxd5+ Ke3 38. Re5+ Kd4 39. Rg5 Rc1+ 40. Kg2
h6 41. Rf5 Nh7 42. Rf4+ Ke3 43. Re4+ Kd3 44. Re8 Rxe8 45. Bxe8 Ng5 46. b6 Rc2+
47. Kg3 Rb2 48. c6 Rxb6 49. c7 1-0

[Event "110th ch-GBR 2024"]
[Site "Hull ENG"]
[Date "2024.07.31"]
[Round "5.4"]
[White "Golding, Alex"]
[Black "Howell, David W L"]
[Result "0-1"]
[WhiteTitle "FM"]
[BlackTitle "GM"]
[WhiteElo "2296"]
[BlackElo "2675"]
[WhiteFideId "427241"]
[BlackFideId "410608"]
[EventDate "2024.07.27"]

1. d4 Nf6 2. Nf3 b6 3. Bf4 Bb7 4. e3 g6 5. c4 Bg7 6. Nc3 O-O 7. Bd3 d6 8. O-O
Nbd7 9. Bg5 h6 10. Bh4 e5 11. Nd2 exd4 12. exd4 Re8 13. Rc1 a6 14. a4 Qb8 15. f3
Nh5 16. Nb3 c5 17. d5 Nf4 18. Bg3 Nxd3 19. Qxd3 Bc8 20. Nd2 Ne5 21. Bxe5 Rxe5
22. Kh1 Ra7 23. Rce1 Rae7 24. Qb1 Bd7 25. Rxe5 Bxe5 26. Qc2 Bg7 27. b3 Qe8 28.
Nce4 f5 29. Nf2 Re2 30. Nd1 g5 31. Qd3 Re7 32. f4 g4 33. h4 Bd4 34. Nb1 Kf7 35.
Na3 Re2 36. Nc2 Qe4 37. Qxe4 fxe4 0-1

[Event "110th ch-GBR 2024"]
[Site "Hull ENG"]
[Date "2024.07.31"]
[Round "5.5"]
[White "Adams, Michael"]
[Black "Salmons, Calum"]
[Result "1-0"]
[WhiteTitle "GM"]
[WhiteElo "2672"]
[BlackElo "1999"]
[WhiteFideId "400041"]
[BlackFideId "437280"]
[EventDate "2024.07.27"]

1. e4 c5 2. Nf3 d6 3. Nc3 Nf6 4. d4 cxd4 5. Qxd4 Nc6 6. Qe3 g6 7. Bc4 Bg7 8. h3
O-O 9. O-O a6 10. a4 Qc7 11. Qe2 b6 12. Bg5 Na5 13. Bd5 Bb7 14. Bxb7 Qxb7 15.
Rad1 Rac8 16. e5 dxe5 17. Nxe5 Rfd8 18. b4 Nc6 19. Qf3 h6 20. Bf4 Re8 21. Nd5
Nxd5 22. Qxd5 e6 23. Qe4 Bxe5 24. Bxe5 Qe7 25. Bd6 Qf6 26. c4 Qf5 27. Qe3 b5 28.
cxb5 axb5 29. g4 Qg5 30. Qxg5 hxg5 31. axb5 Nd8 32. Rc1 Nb7 33. Be5 Kf8 34. Rc6
Rcd8 35. Rb6 Rd7 36. Ra1 Rc8 37. Bf6 Ke8 38. Bxg5 Nd6 39. Bf4 Ke7 40. Rd1 Nc4
41. Rxd7+ Kxd7 42. Rb7+ Ke8 43. h4 e5 44. Bg5 Kf8 45. Be7+ Kg7 46. b6 Re8 47.
Bc5 Re6 48. Rb8 Rc6 49. b7 Rc7 50. Rg8+ 1-0

[Event "110th ch-GBR 2024"]
[Site "Hull ENG"]
[Date "2024.07.31"]
[Round "5.6"]
[White "Kanyamarala, Tarun"]
[Black "Han, Yichen"]
[Result "1/2-1/2"]
[WhiteTitle "IM"]
[BlackTitle "IM"]
[WhiteElo "2337"]
[BlackElo "2414"]
[WhiteFideId "45004714"]
[BlackFideId "1054430"]
[EventDate "2024.07.27"]

1. d4 d5 2. c4 e6 3. Nc3 Bb4 4. cxd5 exd5 5. Nf3 Nf6 6. Bg5 h6 7. Bh4 Nbd7 8. e3
g5 9. Bg3 Ne4 10. Nd2 Nxg3 11. hxg3 c6 12. Bd3 Nf6 13. Qc2 Be6 14. Nf3 Ng4 15.
Bf5 Bxf5 16. Qxf5 Qd7 17. Qxd7+ Kxd7 18. Nh2 Nf6 19. Ke2 a5 20. Nf3 1/2-1/2

[Event "110th ch-GBR 2024"]
[Site "Hull ENG"]
[Date "2024.07.31"]
[Round "5.7"]
[White "Gasanov, Eldar"]
[Black "Hebden, Mark L"]
[Result "1-0"]
[WhiteTitle "GM"]
[BlackTitle "GM"]
[WhiteElo "2469"]
[BlackElo "2385"]
[WhiteFideId "14104466"]
[BlackFideId "400084"]
[EventDate "2024.07.27"]

1. d4 Nf6 2. c4 g6 3. Nc3 Bg7 4. e4 d6 5. Nge2 a6 6. Ng3 h5 7. Be2 Nbd7 8. f4 h4
9. Nf1 e5 10. fxe5 dxe5 11. d5 Nc5 12. Qc2 a5 13. Be3 b6 14. Nd2 h3 15. g3 Ng4
16. Bxg4 Bxg4 17. Nd1 Bh6 18. Qc3 Qe7 19. Nf2 Na4 20. Qb3 Bd7 21. Bxh6 Rxh6 22.
Qe3 Rh5 23. Nd3 Bg4 24. O-O Rd8 25. Rf2 c6 26. Raf1 Rh7 27. Rf6 cxd5 28. exd5
Bf5 29. Nxe5 Nxb2 30. Re1 Be6 31. dxe6 Qxf6 32. exf7+ Kf8 33. Nd7+ 1-0

[Event "110th ch-GBR 2024"]
[Site "Hull ENG"]
[Date "2024.07.31"]
[Round "5.8"]
[White "McShane, Luke J"]
[Black "Eggleston, David J"]
[Result "1-0"]
[WhiteTitle "GM"]
[BlackTitle "IM"]
[WhiteElo "2617"]
[BlackElo "2335"]
[WhiteFideId "404853"]
[BlackFideId "412120"]
[EventDate "2024.07.27"]

1. e4 c5 2. Nf3 d6 3. d4 Nf6 4. Nc3 cxd4 5. Nxd4 a6 6. Be3 e5 7. Nf3 Be7 8. Bc4
O-O 9. O-O Be6 10. Bb3 Nc6 11. Qe2 Rc8 12. Rfd1 Qc7 13. Bg5 Bg4 14. Bxf6 Bxf6
15. Nd5 Qd8 16. c3 Bg5 17. Rd3 Kh8 18. h3 Bxf3 19. Qxf3 Ne7 20. Rad1 Nxd5 21.
Rxd5 Be7 22. Rxe5 dxe5 23. Rxd8 Rcxd8 24. Qh5 Bd6 25. h4 Rd7 26. Qf5 Re7 27. h5
f6 28. Bd5 b5 29. a3 Bb8 30. Kf1 Ba7 31. Ke2 Bb6 32. Kd3 Ba7 33. Kc2 Bb6 34. Kb3
Bc5 35. Ka2 Bb6 36. Be6 Bxf2 37. Bc8 a5 38. Ba6 Be3 39. Bxb5 Rd8 40. Bc6 Rc7 41.
Bd5 Rb8 42. Qf1 Rb6 43. Qe1 Bc5 44. Qd1 Rb8 45. Qa4 Be3 46. Qd1 Bc5 47. Qd3 Ra7
48. Qh3 Re7 49. h6 g6 50. Qf3 Rf8 51. g4 Ra7 52. Qd3 Rb8 53. Qf1 Rf8 54. Qb5 Be3
55. a4 Rc8 56. Be6 Rd8 57. Qc6 Rf8 58. Bd5 Re7 59. Qa6 Bxh6 60. Qxa5 f5 61. gxf5
gxf5 62. exf5 Rxf5 63. Be4 Rf2 64. Qb6 Rf4 1-0

[Event "110th ch-GBR 2024"]
[Site "Hull ENG"]
[Date "2024.07.31"]
[Round "5.9"]
[White "Ledger, Andrew J"]
[Black "Grieve, Harry"]
[Result "1/2-1/2"]
[WhiteTitle "IM"]
[BlackTitle "IM"]
[WhiteElo "2334"]
[BlackElo "2477"]
[WhiteFideId "400610"]
[BlackFideId "426520"]
[EventDate "2024.07.27"]

1. c4 e6 2. Nf3 d5 3. d4 Nf6 4. g3 dxc4 5. Bg2 Bb4+ 6. Bd2 a5 7. Qc2 Bxd2+ 8.
Qxd2 c6 9. a4 b5 10. axb5 cxb5 11. Qg5 O-O 12. Qxb5 Ba6 13. Qxa5 Bb7 14. Qxd8
Rxa1 15. Qxf8+ Kxf8 16. O-O Ra2 17. Nc3 Rxb2 18. Rc1 Nbd7 19. Ne5 Nxe5 20. Bxb7
Rxb7 21. dxe5 Ng4 22. f4 Rb3 23. Nd1 g5 24. Kg2 gxf4 25. gxf4 Kg7 26. h3 Ne3+
27. Nxe3 Rxe3 28. Kf2 Rxh3 29. Rxc4 h5 30. e4 Ra3 31. Rc7 Kg6 32. f5+ exf5 33.
exf5+ Kxf5 34. Rxf7+ Kxe5 35. Rh7 Kf4 36. Rxh5 1/2-1/2

[Event "110th ch-GBR 2024"]
[Site "Hull ENG"]
[Date "2024.07.31"]
[Round "5.10"]
[White "Williams, Simon K"]
[Black "Richardson, John R"]
[Result "0-1"]
[WhiteTitle "GM"]
[BlackTitle "FM"]
[WhiteElo "2450"]
[BlackElo "2299"]
[WhiteFideId "404454"]
[BlackFideId "401617"]
[EventDate "2024.07.27"]

1. c4 c6 2. Nf3 d5 3. e3 Nf6 4. Nc3 Nbd7 5. b3 e5 6. cxd5 cxd5 7. Bb2 a6 8. d3
Bd6 9. g3 O-O 10. Bg2 Re8 11. O-O b5 12. Nh4 Bb7 13. d4 e4 14. f3 Rc8 15. Nf5
Bb4 16. fxe4 dxe4 17. Ne2 g6 18. d5 gxf5 19. Rxf5 Bd6 20. Qd2 Be5 21. Raf1 Rc5
22. d6 Bxb2 23. Qxb2 Rxf5 24. Rxf5 Re6 25. Nd4 Rxd6 26. Qf2 Nf8 27. h4 Bc8 28.
Rg5+ Kh8 29. Rc5 Ng4 30. Qb2 f6 31. Bh3 Bd7 32. Qc3 Nxe3 33. Bxd7 Qxd7 34. Rc7
Qg4 35. Qxe3 Qd1+ 36. Kh2 Qxd4 37. Qh6 0-1

[Event "110th ch-GBR 2024"]
[Site "Hull ENG"]
[Date "2024.07.31"]
[Round "5.13"]
[White "Motwani, Paul"]
[Black "Yao, Lan"]
[Result "0-1"]
[WhiteTitle "GM"]
[BlackTitle "WGM"]
[WhiteElo "2414"]
[BlackElo "2325"]
[WhiteFideId "2400022"]
[BlackFideId "8610835"]
[EventDate "2024.07.27"]

1. e4 c5 2. Nf3 d6 3. d4 cxd4 4. Nxd4 Nf6 5. Nc3 a6 6. Bg5 Nbd7 7. Bc4 Qb6 8.
Bb3 e6 9. O-O Be7 10. Be3 Nc5 11. f4 Qc7 12. f5 Bd7 13. Qf3 e5 14. Nde2 Nxb3 15.
cxb3 Bc6 16. Rad1 Rd8 17. g4 h6 18. Ng3 Qa5 19. Nh5 Nxh5 20. gxh5 Rd7 21. a3 Qd8
22. Kh1 Bg5 23. Bf2 O-O 24. Rg1 Re8 25. Rg4 Kh7 26. h4 Bf6 27. Kg2 d5 28. Nxd5
Bxd5 29. exd5 Qc7 30. Rc4 Qa5 31. Qe4 Red8 32. Rc5 Qb6 33. Rd3 Qd6 34. b4 Kh8
35. Be3 Be7 36. Bf2 Qb8 37. Rcc3 Bf6 38. Kf3 Re8 39. Kg4 Qd8 40. Rc2 Rd6 41. Kf3
Rd7 42. Ke2 Rd6 43. Kd1 Qb8 44. Kc1 Rc8 45. Rcc3 Rcd8 46. Kb1 Re8 47. Ka2 Qd8
48. Rc2 Qb8 49. a4 Rd7 50. Kb3 Qd6 51. Rc4 Be7 52. a5 Qf6 53. Rdc3 Bd6 54. Rc8
Rdd8 55. Rxd8 Rxd8 56. Bb6 Re8 57. Bc7 Qe7 58. Bxd6 Qxd6 59. Rc5 Rd8 60. Qc4 Qd7
61. Rc7 Qxf5 62. Rxb7 Qxh5 63. Rb6 Qd1+ 64. Ka2 Rxd5 65. Qb3 Qh1 66. Rxa6 Rd1
67. Qxf7 Ra1+ 68. Kb3 Qd1+ 69. Kc4 Qe2+ 70. Kc5 Qxa6 71. Qe8+ Kh7 72. h5 Rc1+
73. Kd5 Qc4+ 74. Kd6 Qc7+ 75. Kd5 Rd1+ 76. Ke4 Qc4+ 0-1

[Event "110th ch-GBR 2024"]
[Site "Hull ENG"]
[Date "2024.07.31"]
[Round "5.15"]
[White "Palliser, Richard J D"]
[Black "Madhavan, Sanjith"]
[Result "1-0"]
[WhiteTitle "IM"]
[WhiteElo "2369"]
[BlackElo "1950"]
[WhiteFideId "407372"]
[BlackFideId "2408562"]
[EventDate "2024.07.27"]

1. Nf3 Nf6 2. c4 g6 3. Nc3 Bg7 4. e4 d6 5. d4 O-O 6. Bd3 c5 7. d5 e6 8. h3 exd5
9. exd5 Na6 10. O-O Nc7 11. Bg5 Qd7 12. Nd2 h6 13. Bh4 b5 14. Qf3 g5 15. Bg3 Bb7
16. Bf5 Qd8 17. Rad1 Re8 18. b3 Qe7 19. Nce4 Nxe4 20. Nxe4 Be5 21. Rfe1 Bxg3 22.
Qxg3 bxc4 23. bxc4 Na6 24. Qxd6 Kg7 25. Qxe7 Rxe7 26. Nd6 Rc7 27. Ne8+ 1-0

[Event "110th ch-GBR 2024"]
[Site "Hull ENG"]
[Date "2024.07.31"]
[Round "5.19"]
[White "Rathbone-Jones, Ifan"]
[Black "Trent, Lawrence"]
[Result "0-1"]
[BlackTitle "IM"]
[WhiteElo "2014"]
[BlackElo "2416"]
[WhiteFideId "1803859"]
[BlackFideId "408638"]
[EventDate "2024.07.27"]

1. d4 Nf6 2. Nf3 e6 3. Bf4 Be7 4. Nbd2 Nh5 5. Bg3 d6 6. e3 O-O 7. Ng1 g6 8. Be2
Nxg3 9. hxg3 c5 10. Ngf3 Nd7 11. c3 cxd4 12. exd4 Re8 13. O-O Nf6 14. Bb5 Bd7
15. Qa4 a6 16. Bxd7 Qxd7 17. Qxd7 Nxd7 18. a4 b5 19. axb5 axb5 20. b3 Nb6 21. c4
bxc4 22. bxc4 Rxa1 23. Rxa1 Rc8 24. Rc1 f5 25. Ne1 Bf6 26. Nef3 g5 27. c5 g4 28.
Re1 Nd5 29. Rxe6 dxc5 30. Rd6 Rd8 31. Rxd8+ Bxd8 32. Ne5 cxd4 33. Nd3 Nc3 34.
Nb3 Bf6 35. Kf1 Kf7 36. f3 Ke6 37. Nf4+ Kd6 38. Ke1 Be5 39. fxg4 fxg4 40. Kd2
Ne4+ 41. Ke1 Nxg3 42. Nd3 Nf5 43. Nd2 Kd5 44. Nb4+ Ke6 45. Ne4 Ne3 46. Kf2 Kf5
47. Nd2 Nd1+ 48. Ke2 Ne3 49. Kf2 h5 50. Nc6 Bf6 51. Nb3 Ke4 52. Nb4 h4 53. Nd2+
Kf5 54. Nd3 Be7 55. Ne1 Bb4 56. Nef3 Bxd2 57. Nxd4+ Ke4 58. Ne2 Nf5 0-1

[Event "110th ch-GBR 2024"]
[Site "Hull ENG"]
[Date "2024.07.31"]
[Round "5.20"]
[White "Ledger, Dave J"]
[Black "Merry, Alan B"]
[Result "0-1"]
[WhiteTitle "FM"]
[BlackTitle "IM"]
[WhiteElo "2201"]
[BlackElo "2423"]
[WhiteFideId "401986"]
[BlackFideId "418811"]
[EventDate "2024.07.27"]

1. e4 c6 2. d4 d5 3. e5 Bf5 4. Nc3 e6 5. g4 Bg6 6. Nge2 Nd7 7. h4 h6 8. Nf4 Bh7
9. Bd3 Bxd3 10. Qxd3 Ne7 11. Bd2 c5 12. Nb5 Nc6 13. Nxe6 fxe6 14. Qg6+ Ke7 15.
f4 Qe8 16. Qd3 Kd8 17. c4 dxc4 18. Qe4 a6 19. Nd6 Bxd6 20. exd6 cxd4 21. Rc1 Nc5 0-1

[Event "110th ch-GBR 2024"]
[Site "Hull ENG"]
[Date "2024.07.31"]
[Round "5.25"]
[White "Boswell, Jacob Connor"]
[Black "Shearsby, Jude"]
[Result "1-0"]
[WhiteElo "2241"]
[BlackElo "2130"]
[WhiteFideId "427110"]
[BlackFideId "462527"]
[EventDate "2024.07.27"]

1. e4 c5 2. Nf3 Nf6 3. e5 Nd5 4. Nc3 e6 5. Nxd5 exd5 6. d4 Nc6 7. dxc5 Bxc5 8.
Bd3 d6 9. exd6 Qxd6 10. Qe2+ Kd8 11. Be3 Re8 12. O-O-O Bxe3+ 13. fxe3 Qc5 14.
Rhe1 Bd7 15. Qf2 Rc8 16. Nd4 Nb4 17. a3 Nxd3+ 18. Rxd3 f6 19. Red1 Re5 20. Nf3
Rf5 21. Qd2 Ke8 22. e4 dxe4 23. Rxd7 exf3 24. gxf3 Kf8 25. Rxb7 Rd5 26. Qb4 Kg8
27. Qb3 Rd8 28. Rb8 Qe3+ 29. Kb1 1-0

[Event "110th ch-GBR 2024"]
[Site "Hull ENG"]
[Date "2024.07.31"]
[Round "5.29"]
[White "Toma, Katarzyna"]
[Black "Khoury, Theo"]
[Result "0-1"]
[WhiteTitle "WGM"]
[WhiteElo "2241"]
[BlackElo "2113"]
[WhiteFideId "1119907"]
[BlackFideId "480703"]
[EventDate "2024.07.27"]

1. e4 c5 2. Nf3 d6 3. Bb5+ Bd7 4. Bxd7+ Nxd7 5. O-O Ngf6 6. Qe2 e6 7. c4 Be7 8.
Nc3 O-O 9. d4 cxd4 10. Nxd4 Rc8 11. b3 a6 12. Bb2 Re8 13. Rad1 Bf8 14. f4 Qa5
15. Qf3 Qh5 16. Qg3 Nc5 17. e5 Nfe4 18. Nxe4 Nxe4 19. Qd3 Nc5 20. Qe3 dxe5 21.
fxe5 Be7 22. Nf3 Qg6 23. Bd4 h6 24. Rfe1 Nd7 25. Qe2 Nb8 26. Bb6 Bc5+ 27. Bxc5
Rxc5 28. b4 Rcc8 29. Rd6 Nc6 30. a3 a5 31. b5 Ne7 32. Qe4 Qxe4 33. Rxe4 Rc7 34.
g4 Nc8 35. Rdd4 Nb6 36. Nd2 Rec8 37. Kf2 Kf8 38. Rf4 Ke7 39. Ke2 Rc5 40. Rfe4 f6
41. exf6+ gxf6 42. Kd3 a4 43. Nf1 h5 44. h3 Nd7 45. Ne3 hxg4 46. hxg4 Ne5+ 47.
Ke2 Rh8 48. Rf4 Rh2+ 49. Rf2 Rxf2+ 50. Kxf2 Nf7 51. Ke2 Nd6 52. Kd3 Re5 53. Rf4
b6 54. Rf1 Nb7 55. Rf4 Nc5+ 56. Kd2 Rg5 57. Kc2 Rg8 58. Rf2 Rh8 59. Re2 Kd6 60.
Kd2 Rh3 61. Nc2 Rg3 62. Ne3 Nb3+ 63. Ke1 Nd4 0-1

[Event "110th ch-GBR 2024"]
[Site "Hull ENG"]
[Date "2024.07.31"]
[Round "5.34"]
[White "Evans, Ruben"]
[Black "Brewer, Callum D"]
[Result "1/2-1/2"]
[WhiteElo "1954"]
[BlackElo "2182"]
[WhiteFideId "472018"]
[BlackFideId "435309"]
[EventDate "2024.07.27"]

1. d4 Nf6 2. c4 e6 3. Nf3 d5 4. Nc3 dxc4 5. e3 a6 6. a4 c5 7. Bxc4 Nc6 8. O-O
Be7 9. dxc5 Qxd1 10. Rxd1 Bxc5 11. Ng5 Ke7 12. Nce4 Bb4 13. Bd2 Nxe4 14. Nxe4 f5
15. Nc3 Rd8 16. e4 Kf8 17. exf5 exf5 18. Bg5 Re8 19. Re1 Bd7 20. Rad1 Rxe1+ 21.
Rxe1 Bxc3 22. bxc3 Re8 23. Be3 Be6 24. Bc5+ Kf7 25. Bxe6+ Rxe6 26. Rb1 Na5 27.
Kf1 1/2-1/2

[Event "110th ch-GBR 2024"]
[Site "Hull ENG"]
[Date "2024.07.31"]
[Round "5.37"]
[White "Verbytski, Oleg"]
[Black "Mannion, Stephen R"]
[Result "0-1"]
[BlackTitle "IM"]
[WhiteElo "2076"]
[BlackElo "2139"]
[WhiteFideId "495506"]
[BlackFideId "2400111"]
[EventDate "2024.07.27"]

1. e4 e5 2. Nf3 Nc6 3. Bc4 Bc5 4. c3 Nf6 5. d4 exd4 6. cxd4 Bb4+ 7. Nc3 Nxe4 8.
O-O Bxc3 9. d5 Bf6 10. Re1 Ne7 11. Rxe4 d6 12. Bg5 Bxg5 13. Nxg5 h6 14. Qh5 O-O
15. Rae1 Nf5 16. Ne6 fxe6 17. dxe6 Ne7 18. Rg4 Rf6 19. Re3 Qf8 20. Reg3 Bxe6 21.
Rxg7+ Qxg7 22. Rxg7+ Kxg7 23. Bxe6 Rxe6 24. Qg4+ Kf7 25. h4 d5 26. Qf4+ Rf6 27.
Qxc7 Rc8 28. Qe5 Rc1+ 29. Kh2 Rc2 30. Qh5+ Kf8 31. Qe5 Rfxf2 32. Qh8+ Ng8 33.
Qe5 Rxg2+ 34. Kh3 Ne7 35. Qb8+ Kf7 36. Qf4+ Ke8 37. Qb8+ Kd7 38. Qxb7+ Ke6 39.
Qb8 Rxb2 40. Qe8 Rxa2 41. h5 Rg5 42. Qh8 Kd7 43. Qb8 a5 44. Qa7+ Ke8 45. Qb8+
Kf7 46. Qf4+ Ke6 47. Qe3+ Kd6 48. Qf4+ Kd7 49. Qb8 a4 50. Qb7+ Ke8 51. Qb8+ Kf7
52. Qf4+ Ke6 53. Qe3+ Kd6 54. Qf4+ Kd7 55. Qb8 a3 56. Qb7+ Ke8 57. Qb8+ Kf7 58.
Qb1 Rag2 59. Qh7+ Ke8 60. Qh8+ Kd7 61. Qf8 a2 62. Qf6 a1=Q 63. Qf5+ Rxf5 64.
Kxg2 Qg7+ 65. Kh1 Rxh5# 0-1

[Event "110th ch-GBR 2024"]
[Site "Hull ENG"]
[Date "2024.07.31"]
[Round "5.38"]
[White "Murawski, Jan"]
[Black "Sooraj, M R"]
[Result "1/2-1/2"]
[WhiteTitle "CM"]
[WhiteElo "2121"]
[BlackElo "1999"]
[WhiteFideId "21009287"]
[BlackFideId "35014730"]
[EventDate "2024.07.27"]

1. d4 f5 2. c4 Nf6 3. Nc3 g6 4. g3 Bg7 5. Bg2 O-O 6. Nh3 d6 7. d5 c6 8. Nf4 e5
9. dxe6 Qe7 10. h4 Bxe6 11. Nxe6 Qxe6 12. O-O Qxc4 13. Qxd6 Na6 14. Rd1 Ng4 15.
Bf4 Rf6 16. Qd2 Re6 17. e3 Qb4 18. Qc2 Be5 19. Bxe5 Nxe5 20. a3 Qe7 21. b4 Nc7
22. Rd4 Rd8 23. Rad1 Rxd4 24. Rxd4 Rd6 25. Qd2 Nc4 26. Qd3 Rxd4 27. Qxd4 Nxa3
28. Qxa7 Ncb5 29. Nxb5 Nxb5 30. Qa2+ Kg7 31. Qc4 Qe5 32. Qd3 Nd6 33. Kh2 Kf7 34.
Bf3 Ke7 35. Qb3 Qe6 36. Qc3 Qf6 37. Qb3 Qg7 38. Kg2 h6 39. Qc2 Qe5 40. Qa2 Qe6
41. Qa8 Qc4 42. Qh8 Nf7 43. Qg7 Qe6 44. Qd4 Ne5 45. Qc5+ Qd6 46. Qb6 Qd7 47. Be2
g5 48. hxg5 hxg5 49. Qc5+ Qd6 50. Qb6 Qd7 51. f4 gxf4 52. exf4 Qd5+ 53. Kh2 Ng4+
54. Bxg4 fxg4 55. Qxb7+ Kf6 56. Qb6 Qd2+ 57. Kg1 Qd1+ 58. Kg2 Qd2+ 59. Kg1 1/2-1/2

[Event "110th ch-GBR 2024"]
[Site "Hull ENG"]
[Date "2024.08.01"]
[Round "6.1"]
[White "Jones, Gawain C B"]
[Black "Ghasi, Ameet K"]
[Result "1/2-1/2"]
[WhiteTitle "GM"]
[BlackTitle "IM"]
[WhiteElo "2640"]
[BlackElo "2495"]
[WhiteFideId "409561"]
[BlackFideId "409200"]
[EventDate "2024.07.27"]

1. d4 Nf6 2. c4 g6 3. Nc3 Bg7 4. e4 d6 5. Be2 O-O 6. Nf3 e5 7. O-O h6 8. Re1
Nbd7 9. Qc2 c6 10. h3 exd4 11. Nxd4 Re8 12. Bf4 Nc5 13. Bf3 Nh7 14. Rad1 Ng5 15.
Bg4 f5 16. Nxf5 gxf5 17. exf5 Rxe1+ 18. Rxe1 Nf7 19. Bh5 Ne5 20. Re3 a5 21. g4
Bd7 22. Ne4 Nxe4 23. Qxe4 b6 24. Bg3 Qf6 25. b3 Kf8 26. h4 Rd8 27. Kf1 Rc8 1/2-1/2

[Event "110th ch-GBR 2024"]
[Site "Hull ENG"]
[Date "2024.08.01"]
[Round "6.2"]
[White "Wadsworth, Matthew J"]
[Black "Royal, Shreyas"]
[Result "1-0"]
[WhiteTitle "IM"]
[BlackTitle "IM"]
[WhiteElo "2456"]
[BlackElo "2487"]
[WhiteFideId "415804"]
[BlackFideId "448869"]
[EventDate "2024.07.27"]

1. Nf3 Nf6 2. g3 c5 3. Bg2 Nc6 4. c4 d5 5. cxd5 Nxd5 6. Nc3 Nxc3 7. bxc3 e5 8.
O-O Be7 9. d3 O-O 10. Nd2 Be6 11. Nc4 Qc7 12. Ne3 Qd7 13. c4 Bh3 14. Bxh3 Qxh3
15. Nd5 Bd6 16. e3 Rfe8 17. Rb1 b6 18. Bb2 Rad8 19. Qf3 Nb4 20. e4 Nxd5 21. exd5
Qd7 22. Rfe1 b5 23. cxb5 f6 24. a4 Bc7 25. Ba3 Qxd5 26. Qe4 Bb6 27. Rec1 Qxd3
28. Qxd3 Rxd3 29. Bxc5 Red8 30. Bxb6 axb6 31. a5 bxa5 32. b6 Rb8 33. b7 Rdd8 34.
Rc7 Rf8 35. Rbc1 a4 36. Rd7 a3 37. Rcc7 Rf7 38. Rc8+ Rf8 39. Rcc7 Rf7 40. Rxf7
a2 41. Rxg7+ Kf8 42. Rcf7+ Ke8 43. Rxh7 a1=Q+ 44. Kg2 Qa2 45. Rc7 Qd5+ 46. f3
Qa2+ 47. Kh3 Qe6+ 48. Kh4 Kd8 49. Rc8+ 1-0